000 00298nam a22001337a 4500
003 SGT
020 _a9788119613496
082 _a615.1
_bOJA
100 _aOJHA DR ABHIJEET
245 _aA THEORETICAL BOOK ON QUALITY ASSURENCE
260 _aINDIA
_bIP
_c2026
300 _a135
942 _2ddc
_cBK
999 _c34157
_d34157